[Event "49th Capablanca Mem Open I 2014"]
[Site "Havana CUB"]
[Date "2014.05.11"]
[Round "4.46"]
[White "Catala Matienzo, Ivette"]
[Black "Duran Vega, Sergio"]
[Result "1/2-1/2"]
[WhiteTitle "WFM"]
[BlackTitle "FM"]
[WhiteElo "2118"]
[BlackElo "2252"]
[WhiteFideId "3506819"]
[BlackFideId "6501311"]
[EventDate "2014.04.08"]

1. d4 d5 2. Nf3 e6 3. e3 Nf6 4. Bd3 c5 5. b3 Nc6 6. O-O Be7 7. Bb2 O-O 8. Ne5
Qc7 9. a3 b6 10. Nd2 Bb7 11. f4 Nxe5 12. fxe5 Ne4 13. Bxe4 dxe4 14. c4 Bg5 15.
Qe2 Rad8 16. Rad1 Rd7 17. Rfe1 Bh6 18. Qg4 Qc6 19. d5 exd5 20. Nxe4 Kh8 21. Nd6
dxc4 22. bxc4 Re7 23. Nf5 Re6 24. Rd6 Rg6 25. Rxg6 hxg6 26. Nxh6 gxh6 27. e4 Kh7
28. Qf4 Qe6 29. h4 Qxc4 30. Bc1 Qd4+ 31. Kh1 Kg8 32. Be3 Qd7 33. Qxh6 Qg4 34.
Bg5 Qh5 35. Qxh5 gxh5 36. Bf6 Kh7 37. Kg1 Re8 38. Bg5 Rc8 39. Rf1 Kg8 40. Rf6
Rc6 41. Rd6 Rxd6 42. exd6 Bc6 43. Kf2 Kg7 44. e5 Kg6 45. Ke3 Kf5 46. Bf4 Ke6 47.
g3 Bd7 48. Ke4 Bc6+ 49. Kd3 Bf3 50. Kc4 Be2+ 51. Kc3 Kd7 52. Bc1 Bg4 53. Kd3 Ke6
54. Ke4 Bf5+ 55. Kf4 Bg6 56. Bb2 b5 57. Bc3 Kd5 58. Kg5 Ke6 59. Kh6 Kd7 60. Kg7
Ke8 1/2-1/2

[Event "49th Capablanca Mem Open I 2014"]
[Site "Havana CUB"]
[Date "2014.05.11"]
[Round "4.47"]
[White "Diaz Perez, Michel Alejandro"]
[Black "Madrigal, Mariano"]
[Result "1-0"]
[WhiteTitle "FM"]
[BlackTitle "IM"]
[WhiteElo "2250"]
[BlackElo "2190"]
[WhiteFideId "3517179"]
[BlackFideId "6100961"]
[EventDate "2014.04.08"]

1. e4 c5 2. Nf3 Nc6 3. Bb5 g6 4. O-O Bg7 5. c3 Nf6 6. d4 cxd4 7. cxd4 d5 8. e5
Ne4 9. Ne1 h6 10. f3 Ng5 11. Nc3 O-O 12. Be3 a6 13. Be2 Ne6 14. f4 Nc7 15. Bd3
e6 16. Rc1 Bd7 17. Qd2 Rc8 18. Nf3 Kh7 19. Bf2 Ne7 20. Bh4 Qe8 21. g4 b5 22. Ne2
Na8 23. Ng3 Nb6 24. b3 Rxc1 25. Qxc1 a5 26. Nh5 Ng8 27. Qe1 b4 28. Bf6 Bxf6 29.
Nxf6+ Nxf6 30. exf6 Bb5 31. Qh4 Rh8 32. Bxb5 Qxb5 33. Ne5 Qe2 34. Qf2 Qxf2+ 35.
Rxf2 Rc8 36. Nxf7 Rf8 37. Ne5 Rxf6 38. Rc2 Rxf4 39. Rc7+ Kg8 40. Rc6 Na8 41.
Rxe6 Nc7 42. Rxg6+ Kh7 43. Rd6 Nb5 44. Rxd5 Nxd4 45. Rxa5 Re4 46. Kg2 Re3 47. h4
Kg7 48. Nc4 Re2+ 49. Kg3 Kg6 50. Ra7 Re1 51. Rd7 Ne6 52. Rd5 Re2 53. Re5 Nd4 54.
Ra5 Ne6 55. Ne5+ Kf6 56. Nf3 Re3 57. Rf5+ Ke7 58. Re5 Rc3 59. Re4 Kd6 60. Rxb4
Kd5 61. g5 hxg5 62. hxg5 Nc5 63. Kg4 Rc2 64. Rd4+ Ke6 65. Rc4 1-0

[Event "49th Capablanca Mem Open I 2014"]
[Site "Havana CUB"]
[Date "2014.05.11"]
[Round "4.49"]
[White "Vargas Rodriguez, Wilver"]
[Black "Gonzalez Ochoa, Yoana"]
[Result "1-0"]
[BlackTitle "WFM"]
[WhiteElo "2247"]
[BlackElo "2127"]
[WhiteFideId "3509672"]
[BlackFideId "3507629"]
[EventDate "2014.04.08"]

1. e4 e5 2. Nf3 Nc6 3. Bb5 a6 4. Ba4 Nf6 5. O-O b5 6. Bb3 Be7 7. d3 d6 8. c3 O-O
9. Qe2 Bg4 10. Rd1 Re8 11. Nbd2 Na5 12. Bc2 c5 13. Nf1 Qc7 14. h3 Bd7 15. Ne3
Bf8 16. g4 Qd8 17. Nf5 d5 18. Bg5 Qb6 19. b3 g6 20. Ne3 d4 21. Bxf6 Qxf6 22. Nd5
Qd6 23. c4 Nc6 24. Kh2 Ne7 25. Rg1 f6 26. Rg3 Rac8 27. Qd2 Nxd5 28. cxd5 Rc7 29.
h4 Rec8 30. Ne1 c4 31. bxc4 bxc4 32. dxc4 Rxc4 33. Bd3 Rc3 34. Rb1 Kh8 35. Qb2
f5 36. gxf5 gxf5 37. Qb6 Qe7 38. Nf3 f4 39. Rg5 Bg7 40. Qxa6 h6 41. Rg6 Ra3 42.
Rxg7 Qxg7 43. Qxa3 Qg4 44. Bf1 Rc3 45. Qf8+ Kh7 46. Rb6 Qg7 47. Qxg7+ Kxg7 48.
Nxe5 Be8 49. Rb4 1-0

[Event "49th Capablanca Mem Open I 2014"]
[Site "Havana CUB"]
[Date "2014.05.11"]
[Round "4.52"]
[White "Alvarez Fernandez, Carlos Rene"]
[Black "Forgas Moreno, Yaniela"]
[Result "0-1"]
[BlackTitle "WFM"]
[WhiteElo "2226"]
[BlackElo "2158"]
[WhiteFideId "3501507"]
[BlackFideId "3508072"]
[EventDate "2014.04.08"]

1. d4 Nf6 2. c4 d6 3. Nc3 Nbd7 4. e4 e5 5. Nge2 g6 6. f3 exd4 7. Nxd4 Bg7 8. Be3
O-O 9. Be2 c6 10. Nc2 Ne5 11. O-O Qe7 12. Qd2 Rd8 13. Rad1 Be6 14. b3 d5 15.
exd5 cxd5 16. c5 Nc6 17. Nb5 a6 18. Nbd4 Nxd4 19. Bxd4 Qf8 20. b4 Bd7 21. Qc3
Nh5 22. Ne3 Nf4 23. Rfe1 Ba4 24. Rd2 h5 25. Bf1 Bh6 26. Bf6 Rd7 27. g4 Ne6 28.
Rd4 Nxd4 29. Qxd4 Bg7 30. gxh5 Bxf6 31. Qxf6 Qg7 0-1

[Event "49th Capablanca Mem Open I 2014"]
[Site "Havana CUB"]
[Date "2014.05.11"]
[Round "4.53"]
[White "Rodriguez Dominguez, Melissa"]
[Black "Linares Napoles, Oleiny"]
[Result "1/2-1/2"]
[BlackTitle "WGM"]
[WhiteElo "1996"]
[BlackElo "2310"]
[WhiteFideId "3517560"]
[BlackFideId "3504794"]
[EventDate "2014.04.08"]

1. e4 d6 2. d4 Nf6 3. Nc3 g6 4. Be3 c6 5. Qd2 b5 6. Bd3 Nbd7 7. Nf3 Qc7 8. h3
Bb7 9. a3 Ba6 10. Bf4 c5 11. dxc5 dxc5 12. Bh2 Bg7 13. O-O O-O 14. Rfe1 Rfe8 15.
Rad1 Nf8 16. Qe3 N6d7 17. Na2 Ne6 18. c4 Rad8 19. b4 Nf4 20. Bf1 Nf8 21. Nc1
N8e6 22. Nb3 Bh6 23. Qc3 Bg7 24. Qe3 1/2-1/2

[Event "49th Capablanca Mem Open I 2014"]
[Site "Havana CUB"]
[Date "2014.05.11"]
[Round "4.54"]
[White "Ginesta Caballero, Olga Lucia"]
[Black "Sanchez Ones, Yeny"]
[Result "1-0"]
[WhiteTitle "WFM"]
[BlackTitle "WIM"]
[WhiteElo "2124"]
[BlackElo "2065"]
[WhiteFideId "3508234"]
[BlackFideId "3514099"]
[EventDate "2014.04.08"]

1. e4 c5 2. Nc3 d6 3. f4 Nf6 4. Bb5+ Bd7 5. Bc4 e6 6. d3 Bc6 7. Qe2 Be7 8. Nf3
O-O 9. O-O d5 10. Bb5 a6 11. Bxc6 Nxc6 12. e5 Ne8 13. Kh1 b5 14. Bd2 Rc8 15.
Rac1 Nc7 16. g4 Nd4 17. Nxd4 cxd4 18. Nd1 b4 19. Nf2 Nb5 20. g5 a5 21. Qh5 Kh8
22. Ng4 g6 23. Qh6 Rg8 24. Rf3 Qf8 25. Qh4 h5 26. f5 exf5 27. Rxf5 Kg7 28. Rf3
Rh8 29. Nh6 Rxh6 30. gxh6+ Kh7 31. Qf2 f5 32. exf6 Bc5 33. f7 Nd6 34. Rg1 Rc7
35. Qg2 Rxf7 36. Qxg6+ Kh8 37. Rfg3 Nf5 38. Rh3 h4 39. Bf4 Re7 40. Bg5 Rf7 41.
Bxh4 Be7 42. Bxe7 Rxe7 43. Rf3 Rf7 44. Rgf1 1-0

[Event "49th Capablanca Mem Open I 2014"]
[Site "Havana CUB"]
[Date "2014.05.11"]
[Round "4.55"]
[White "Cardenas Ballester, Maydelin"]
[Black "Zayas Gonzalez, Laura Amalia"]
[Result "0-1"]
[WhiteTitle "WFM"]
[BlackTitle "WFM"]
[WhiteElo "2101"]
[BlackElo "2065"]
[WhiteFideId "3508242"]
[BlackFideId "3517004"]
[EventDate "2014.04.08"]

1. d4 Nf6 2. c4 g6 3. Nc3 Bg7 4. e4 d6 5. f4 O-O 6. Nf3 c5 7. dxc5 Qa5 8. Bd3
Qxc5 9. Qe2 Nc6 10. Be3 Qa5 11. Rc1 Bd7 12. O-O Ng4 13. Bd2 Nd4 14. Nxd4 Bxd4+
15. Kh1 Qh5 16. h3 Nf6 17. Qxh5 Nxh5 18. Ne2 Bxb2 19. Rb1 Bg7 20. Rxb7 Bc6 21.
Rbb1 Nf6 22. Nc3 e6 23. Rfe1 a6 24. Kh2 Nd7 25. Bc2 Nc5 26. e5 dxe5 27. fxe5
Rab8 28. Bf4 Rxb1 29. Rxb1 Nd7 30. Re1 Rb8 31. Ba4 Bxa4 32. Nxa4 Rb4 33. Rd1
Bxe5 34. Rxd7 Bxf4+ 35. g3 Rxa4 36. gxf4 Rxc4 37. Kg3 Ra4 38. Rd2 Kg7 39. h4 h5
40. Kf3 Kf6 41. Rc2 Ra3+ 42. Ke4 Rh3 43. Rc6 Rxh4 44. Rxa6 g5 0-1

[Event "49th Capablanca Mem Open I 2014"]
[Site "Havana CUB"]
[Date "2014.05.12"]
[Round "5.2"]
[White "Jimenez Fraga, Pedro Alejandro"]
[Black "Zaragatski, Ilja"]
[Result "1/2-1/2"]
[WhiteTitle "IM"]
[BlackTitle "GM"]
[WhiteElo "2463"]
[BlackElo "2480"]
[WhiteFideId "3508188"]
[BlackFideId "4655192"]
[EventDate "2014.04.08"]

1. e4 d6 2. d4 Nf6 3. Nc3 e5 4. Nf3 Nbd7 5. Bc4 Be7 6. Ng5 O-O 7. Bxf7+ Rxf7 8.
Ne6 Qe8 9. Nxc7 Qd8 10. Nxa8 b6 11. dxe5 Nxe5 12. Bf4 Bd7 13. Qd4 Qxa8 14. O-O-O
Nxe4 15. Nd5 Bg5 16. Bxg5 Nxg5 17. f4 Nc6 18. Qa4 Na5 19. Qb4 Nc6 20. Qa3 Ne4
21. Nxb6 Qb8 22. Nxd7 Rxd7 23. Rhe1 d5 24. g3 Nf6 25. Re6 Rc7 26. Rd3 Nb4 27.
Rc3 Rb7 28. Rce3 Ne4 29. c3 Qc8 30. Re5 Qc4 31. Rf5 Nxa2+ 32. Kb1 Nexc3+ 33. Ka1
Rb8 34. Re8+ 1/2-1/2

[Event "49th Capablanca Mem Open I 2014"]
[Site "Havana CUB"]
[Date "2014.05.12"]
[Round "5.4"]
[White "Soto Hernandez, Henry"]
[Black "Trent, Lawrence"]
[Result "1/2-1/2"]
[WhiteTitle "FM"]
[BlackTitle "IM"]
[WhiteElo "2421"]
[BlackElo "2468"]
[WhiteFideId "3507475"]
[BlackFideId "408638"]
[EventDate "2014.04.08"]

1. d4 Nf6 2. Nf3 d5 3. g3 c6 4. Bg2 Bf5 5. O-O e6 6. c4 Nbd7 7. Qb3 Qb6 8. c5
Qxb3 9. axb3 a6 10. Nc3 Be7 11. b4 Rc8 12. Bf4 h6 13. Nd2 g5 14. Be3 1/2-1/2

[Event "49th Capablanca Mem Open I 2014"]
[Site "Havana CUB"]
[Date "2014.05.12"]
[Round "5.5"]
[White "Leyva Rivera, Yunier"]
[Black "Ortega Amarelle, Mariano"]
[Result "1-0"]
[WhiteTitle "FM"]
[BlackTitle "IM"]
[WhiteElo "2417"]
[BlackElo "2457"]
[WhiteFideId "3505065"]
[BlackFideId "3504301"]
[EventDate "2014.04.08"]

1. d4 Nf6 2. c4 e6 3. Nc3 Bb4 4. e3 O-O 5. Bd3 c5 6. Ne2 d5 7. cxd5 cxd4 8. exd4
Qxd5 9. O-O Qh5 10. Ne4 Nbd7 11. Bd2 Qa5 12. N4c3 Qd8 13. Bg5 Be7 14. Bc2 b6 15.
Qd3 Bb7 16. Rad1 g6 17. Bb3 Nd5 18. Bxd5 Bxd5 19. Bxe7 Qxe7 20. Nxd5 exd5 21.
Nc3 Nf6 22. Rfe1 Qd6 23. Qg3 Qxg3 24. hxg3 Rfd8 25. f3 Kf8 26. g4 h6 27. Rc1 Rd7
28. Kf2 Ng8 29. Ne2 Ne7 30. Nf4 Rb8 31. Rc3 Rbb7 32. Rh1 Kg7 33. Rhc1 Kf8 34.
Rh1 Kg7 35. Rhc1 Kf8 36. Nd3 f6 37. Rh1 Kg7 38. Rhc1 g5 39. R1c2 Kg6 40. Rc1 h5
41. gxh5+ Kxh5 42. g4+ Kg6 43. f4 Ng8 44. Kf3 Nh6 45. Rc6 Nf7 46. Ne5+ Nxe5+ 47.
dxe5 gxf4 48. Rxf6+ Kg7 49. Kxf4 d4 50. Ke4 Rbc7 51. Rd6 Rxc1 52. Rxd7+ Kg6 53.
Rxa7 Rg1 54. Kxd4 Rxg4+ 55. Kd5 Rg2 56. b3 Kf5 57. Rf7+ Kg6 58. Rf6+ 1-0

[Event "49th Capablanca Mem Open I 2014"]
[Site "Havana CUB"]
[Date "2014.05.12"]
[Round "5.6"]
[White "Vera Gonzalez-Quevedo, Reynaldo"]
[Black "Aguero Jimenez, Luis Lazaro"]
[Result "1/2-1/2"]
[WhiteTitle "GM"]
[BlackTitle "IM"]
[WhiteElo "2454"]
[BlackElo "2416"]
[WhiteFideId "3500055"]
[BlackFideId "3508455"]
[EventDate "2014.04.08"]

1. d4 Nf6 2. Nf3 g6 3. c4 Bg7 4. Nc3 d5 5. cxd5 Nxd5 6. e4 Nxc3 7. bxc3 c5 8.
Rb1 O-O 9. Be2 cxd4 10. cxd4 Qa5+ 11. Bd2 Qxa2 12. O-O Bg4 13. Be3 Nc6 14. Ra1
Qb2 15. Rb1 Qa2 16. Ra1 1/2-1/2

[Event "49th Capablanca Mem Open I 2014"]
[Site "Havana CUB"]
[Date "2014.05.12"]
[Round "5.7"]
[White "Blanco Ronquillo, Humberto L."]
[Black "Delgado Ramos, Hector"]
[Result "1/2-1/2"]
[WhiteTitle "IM"]
[BlackTitle "IM"]
[WhiteElo "2416"]
[BlackElo "2447"]
[WhiteFideId "3504239"]
[BlackFideId "3504824"]
[EventDate "2014.04.08"]

1. d4 d5 2. c4 c6 3. Nc3 dxc4 4. e4 b5 5. a4 b4 6. Na2 a5 7. Bxc4 Nf6 8. f3 e6
9. Be3 Nbd7 10. Nc1 Be7 11. Nb3 O-O 12. Nh3 e5 13. Nf2 exd4 14. Bxd4 c5 15. Be3
Ne5 16. Nd2 Nxc4 17. Nxc4 Qxd1+ 18. Rxd1 Be6 19. Rc1 Nd7 20. b3 Bf6 21. Nd3 Bc3+
22. Ke2 Bxc4 23. bxc4 Rfc8 24. Rhd1 Nb6 25. Nxc5 Nxc4 26. Rd5 Nb6 27. Rd6 Nc4
28. Rd5 Nb6 29. Rd6 Nc4 1/2-1/2

[Event "49th Capablanca Mem Open I 2014"]
[Site "Havana CUB"]
[Date "2014.05.12"]
[Round "5.8"]
[White "Miranda Mesa, Elier"]
[Black "Diaz Murgada, Rider"]
[Result "1/2-1/2"]
[WhiteTitle "FM"]
[BlackTitle "FM"]
[WhiteElo "2439"]
[BlackElo "2375"]
[WhiteFideId "3510697"]
[BlackFideId "3506703"]
[EventDate "2014.04.08"]

1. e4 c5 2. Nf3 Nc6 3. d4 cxd4 4. Nxd4 Qb6 5. Nb3 Nf6 6. Nc3 e6 7. Bd3 a6 8. O-O
d6 9. a4 Be7 10. a5 Qc7 11. Be3 Nb4 12. Na4 Bd7 13. Nb6 Rb8 14. c4 Bc6 15. f3
Nxd3 16. Qxd3 Nd7 17. Nd4 Nxb6 18. axb6 Qc8 19. b4 O-O 20. Rac1 Bd7 21. Nb3 Qe8
22. Qd2 f5 23. Na5 fxe4 24. fxe4 Rxf1+ 25. Rxf1 Bc6 26. Qd3 Rc8 27. Bf4 e5 28.
Be3 Kh8 29. h3 h6 30. Kh2 Kh7 31. Nxc6 Qxc6 32. Rf7 Bh4 33. c5 dxc5 34. Bxc5 a5
35. Qd7 Qxd7 36. Rxd7 axb4 37. Bxb4 Rb8 38. Be7 Bxe7 39. Rxe7 Kg6 40. Rxe5 Kf6
41. Rf5+ Kg6 42. Kg3 Rc8 43. h4 Rc6 44. h5+ Kh7 45. Rb5 g6 46. Kf4 gxh5 47. Ke5
Kg8 48. Kf5 Kf7 49. e5 Ke7 50. Rb3 Kf7 51. Rb4 Ke7 52. Rh4 Rxb6 53. Rxh5 Ra6 1/2-1/2

[Event "49th Capablanca Mem Open I 2014"]
[Site "Havana CUB"]
[Date "2014.05.12"]
[Round "5.9"]
[White "Ordunez Echarte, Dennys"]
[Black "Garcia Pantoja, Roberto"]
[Result "1/2-1/2"]
[WhiteTitle "FM"]
[BlackTitle "IM"]
[WhiteElo "2341"]
[BlackElo "2438"]
[WhiteFideId "3512207"]
[BlackFideId "3509265"]
[EventDate "2014.04.08"]

1. e4 e5 2. Nf3 Nf6 3. Nc3 Nc6 4. Bc4 Bb4 5. O-O d6 6. d3 O-O 7. h3 Ne7 8. Ne2
Ng6 9. Ng3 c6 10. c3 Ba5 11. Bb3 h6 12. Re1 Re8 13. Bc2 Bd7 14. d4 Qc7 15. Be3
Bb6 16. a4 Rad8 17. Qc1 Kh7 18. b4 a5 19. dxe5 dxe5 20. Bxb6 Qxb6 1/2-1/2

[Event "49th Capablanca Mem Open I 2014"]
[Site "Havana CUB"]
[Date "2014.05.12"]
[Round "5.10"]
[White "Oliva Castaneda, Kevel"]
[Black "Baerwinkel, Tobias"]
[Result "1-0"]
[WhiteTitle "FM"]
[WhiteElo "2428"]
[BlackElo "2322"]
[WhiteFideId "3500799"]
[BlackFideId "4637429"]
[EventDate "2014.04.08"]

1. Nf3 Nf6 2. c4 c5 3. g3 b6 4. Bg2 Bb7 5. O-O e6 6. Nc3 a6 7. Re1 Be7 8. e4 d6
9. d4 cxd4 10. Nxd4 Qc7 11. Be3 O-O 12. Rc1 Re8 13. f4 Bf8 14. f5 exf5 15. Nd5
Qd8 16. exf5 Ra7 17. Ne6 fxe6 18. Bxb6 exd5 19. Bxd8 Rxd8 20. cxd5 Bc8 21. g4
Nbd7 22. g5 Ne8 23. Re6 Ne5 24. Qd4 Rb7 25. b4 Bd7 26. a3 a5 27. Qh4 Rdb8 28.
Be4 axb4 29. f6 h6 30. Rf1 gxf6 31. gxf6 bxa3 32. Qg3+ Kh8 33. f7 Nxf7 34. Qg6
Nf6 35. Rexf6 1-0

[Event "49th Capablanca Mem Open I 2014"]
[Site "Havana CUB"]
[Date "2014.05.12"]
[Round "5.11"]
[White "Fernandez Hernandez, Arturo A."]
[Black "Gomez Garrido, Camilo Ernesto"]
[Result "0-1"]
[WhiteTitle "FM"]
[BlackTitle "IM"]
[WhiteElo "2367"]
[BlackElo "2499"]
[WhiteFideId "3509230"]
[BlackFideId "3507904"]
[EventDate "2014.04.08"]

1. d4 d5 2. c4 c6 3. Nf3 Nf6 4. e3 a6 5. Bd3 Bg4 6. Nbd2 e6 7. O-O Bf5 8. Qc2
Bxd3 9. Qxd3 Nbd7 10. b3 Be7 11. Bb2 O-O 12. Rad1 Qc7 13. Rfe1 Rad8 14. Qc2 Rfe8
15. e4 dxe4 16. Nxe4 Nxe4 17. Rxe4 Bf6 18. Rde1 Nf8 19. Bc1 Rd7 20. Bf4 Qa5 21.
Be5 Bxe5 22. Rxe5 Qc7 23. a4 Red8 24. g3 h6 25. Qe2 Ng6 26. Rh5 Qb6 27. Qe3 Qb4
28. Rd1 Qe7 29. Kg2 Qb4 30. Rd3 Qe7 31. Qe1 Qf6 32. Qe4 Qe7 33. Qg4 Qe8 34. Ne5
Nxe5 35. Rxe5 Rd6 36. Re1 Qd7 37. Red1 e5 38. Qxd7 R6xd7 39. d5 cxd5 40. Rxd5
Rxd5 41. cxd5 Kf8 42. f4 exf4 43. gxf4 Ke7 44. Kf3 Kd6 45. h4 Rc8 46. Rd3 Rc1
47. h5 Rh1 48. Kg4 g6 49. hxg6 fxg6 50. Rd4 b6 51. Rb4 Kc5 52. a5 Kxb4 53. axb6
Rg1+ 54. Kf3 Re1 0-1

[Event "49th Capablanca Mem Open I 2014"]
[Site "Havana CUB"]
[Date "2014.05.12"]
[Round "5.12"]
[White "Ruiz C, Joshua D"]
[Black "Nogueiras Santiago, Jesus"]
[Result "1/2-1/2"]
[WhiteTitle "IM"]
[BlackTitle "GM"]
[WhiteElo "2362"]
[BlackElo "2497"]
[WhiteFideId "4400704"]
[BlackFideId "3500020"]
[EventDate "2014.04.08"]

1. e4 Nf6 2. e5 Nd5 3. d4 d6 4. c4 Nb6 5. exd6 cxd6 6. Nc3 g6 7. Be3 Bg7 8. Rc1
O-O 9. b3 Bf5 10. Nf3 Bg4 11. Be2 d5 12. h3 Bxf3 13. Bxf3 e6 14. c5 Nc8 15. b4
a6 16. a4 Ne7 17. b5 axb5 18. axb5 Nf5 19. O-O Nd7 20. Ne2 Ra3 21. Bf4 Qa5 1/2-1/2

[Event "49th Capablanca Mem Open I 2014"]
[Site "Havana CUB"]
[Date "2014.05.12"]
[Round "5.13"]
[White "Gonzalez Acosta, Bernal"]
[Black "Arribas Robaina, Maritza"]
[Result "1/2-1/2"]
[WhiteTitle "IM"]
[BlackTitle "WGM"]
[WhiteElo "2482"]
[BlackElo "2318"]
[WhiteFideId "6500170"]
[BlackFideId "3501418"]
[EventDate "2014.04.08"]

1. d4 Nf6 2. c4 e6 3. g3 d5 4. Nf3 Be7 5. Bg2 c6 6. O-O O-O 7. Qc2 b6 8. Nbd2
Bb7 9. e4 dxe4 10. Nxe4 Nbd7 11. Ne5 Nxe5 12. dxe5 Nxe4 13. Bxe4 g6 14. Be3 Rb8
15. Rfd1 Qc7 16. c5 bxc5 17. Bxc5 Bxc5 18. Qxc5 Qb6 19. Qc3 c5 20. Bxb7 Rxb7 21.
b3 Qb4 22. Qe3 a5 23. Rdc1 Qd4 24. Qe1 Rb4 25. Rc3 Rd8 26. a3 Rb5 27. Rac1 Rd5
28. Qe2 Rb6 29. Re3 a4 30. Re4 Qd3 31. Qxd3 Rxd3 32. bxa4 Rc6 33. Ra1 Rd4 34.
Rxd4 cxd4 35. a5 Rc5 36. f4 Rxa5 37. a4 f6 38. exf6 Kf7 39. Kf2 Kxf6 40. Kf3 g5
41. Ke4 gxf4 42. gxf4 d3 43. Kxd3 Kf5 44. Ke3 h5 45. h3 Kg6 46. Ke4 Kf6 47. Ra3
Kg6 48. Kd4 Kf5 49. Kc4 Kxf4 50. Kb4 Ra8 51. a5 e5 52. Kc3 Kf3 53. Kc4+ Kf4 54.
Kd3 Kf3 55. a6 e4+ 56. Kd4+ Kf4 57. a7 e3 58. Kd3 Kf3 59. Ra6 e2 60. Rf6+ Kg3
61. Kxe2 1/2-1/2

[Event "49th Capablanca Mem Open I 2014"]
[Site "Havana CUB"]
[Date "2014.05.12"]
[Round "5.14"]
[White "Abreu Delgado, Aryam"]
[Black "Pina Vega, Sulennis"]
[Result "1/2-1/2"]
[WhiteTitle "GM"]
[BlackTitle "WGM"]
[WhiteElo "2464"]
[BlackElo "2313"]
[WhiteFideId "3502589"]
[BlackFideId "3503151"]
[EventDate "2014.04.08"]

1. e4 c5 2. Nf3 Nc6 3. d4 cxd4 4. Nxd4 e6 5. Nc3 Qc7 6. Be3 a6 7. Qd2 Nf6 8. f4
Bb4 9. Bd3 Na5 10. a3 Bxc3 11. Qxc3 Qxc3+ 12. bxc3 d5 13. e5 Ng4 14. Bg1 h5 15.
h3 Nh6 16. g4 hxg4 17. hxg4 f6 18. Nf3 f5 19. gxf5 exf5 20. Bc5 Nc6 21. O-O-O
Nd8 22. c4 Ne6 23. Bd6 Nxf4 24. cxd5 Nxd5 25. Rdg1 Bd7 26. Rxg7 O-O-O 27. Bc4
Ne3 28. Bb3 Nhg4 29. Rxh8 Rxh8 30. e6 Rh1+ 31. Kd2 Rd1+ 32. Ke2 Rxd6 33. exd7+
Kc7 34. d8=Q+ Kxd8 35. Rxb7 Nd5 36. Bxd5 Rxd5 37. c4 Ra5 38. Nd4 Kc8 39. Rf7 Ne5
40. Rxf5 Nxc4 1/2-1/2

[Event "49th Capablanca Mem Open I 2014"]
[Site "Havana CUB"]
[Date "2014.05.12"]
[Round "5.15"]
[White "Morales Romero, Pedro"]
[Black "Martinez Duany, Lelys Stanley"]
[Result "1-0"]
[WhiteTitle "IM"]
[BlackTitle "GM"]
[WhiteElo "2327"]
[BlackElo "2464"]
[WhiteFideId "3503798"]
[BlackFideId "3504727"]
[EventDate "2014.04.08"]

1. e4 c5 2. Nf3 Nc6 3. Bb5 g6 4. O-O Bg7 5. c3 Nf6 6. d4 cxd4 7. e5 Nd5 8. cxd4
O-O 9. Nc3 Nxc3 10. bxc3 d6 11. exd6 exd6 12. h3 Bf5 13. d5 Na5 14. Nd4 Bd7 15.
Bxd7 Qxd7 16. f4 Rfc8 17. f5 Rc5 18. f6 Bf8 19. Nf5 gxf5 20. Qh5 Kh8 21. Rf3 Nc4
22. Rf4 Qe8 23. Rh4 Qe1+ 24. Kh2 Qxh4 25. Qxh4 Ne5 26. Rb1 Rxc3 27. Bb2 Ng6 28.
Qf2 Rd3 29. Qxf5 Rd2 30. Qd7 Kg8 31. Bc3 Rxd5 32. Rxb7 Nh8 33. Qg4+ Ng6 34. Qc4 1-0

[Event "49th Capablanca Mem Open I 2014"]
[Site "Havana CUB"]
[Date "2014.05.12"]
[Round "5.16"]
[White "Gomez Fontal, Felix Manuel"]
[Black "Espinosa Veloz, Ermes"]
[Result "1/2-1/2"]
[WhiteTitle "IM"]
[BlackTitle "FM"]
[WhiteElo "2353"]
[BlackElo "2458"]
[WhiteFideId "3500357"]
[BlackFideId "3507424"]
[EventDate "2014.04.08"]

1. d4 Nf6 2. c4 g6 3. Nc3 d5 4. cxd5 Nxd5 5. e4 Nxc3 6. bxc3 Bg7 7. Bc4 c5 8.
Ne2 Nc6 9. Be3 O-O 10. O-O Bg4 11. f3 Na5 12. Bxf7+ Rxf7 13. fxg4 Rxf1+ 14. Kxf1
Qd7 15. h3 Qe6 16. Qd3 Qc4 17. Qd2 Rd8 18. Kg1 Qa4 19. Qc1 Qc4 20. Qd2 Qa4 21.
Qd1 Qc4 22. Qd2 Qa4 1/2-1/2

[Event "49th Capablanca Mem Open I 2014"]
[Site "Havana CUB"]
[Date "2014.05.12"]
[Round "5.17"]
[White "Fuentes Dominguez, Felix"]
[Black "Quesada Vera, Liordis"]
[Result "1/2-1/2"]
[WhiteTitle "FM"]
[BlackTitle "FM"]
[WhiteElo "2297"]
[BlackElo "2440"]
[WhiteFideId "3504158"]
[BlackFideId "3507009"]
[EventDate "2014.04.08"]

1. e4 e5 2. Nf3 Nc6 3. Bb5 a6 4. Ba4 Nf6 5. O-O b5 6. Bb3 Bb7 7. Re1 Be7 8. c3
O-O 9. d4 d6 10. Nbd2 exd4 11. cxd4 Nb4 12. Qe2 c5 13. a3 Nc6 14. d5 Na5 15. Bc2
c4 16. Nd4 Re8 17. N2f3 Bf8 18. Qd1 Nd7 19. Bd2 Nc5 20. Bc3 Bc8 21. h3 Nab3 22.
Rb1 Nxd4 23. Qxd4 f6 24. Qd2 Bd7 25. Ba5 Qe7 26. Rbd1 Qf7 27. Bc3 Qh5 28. Qf4 a5
29. Nd4 Re7 30. f3 Ree8 31. Re2 Reb8 32. g4 Qe5 33. Qe3 Qe8 34. Red2 Qd8 35. Kh2
Qb6 36. Nf5 b4 37. Bd4 bxa3 38. bxa3 Bxf5 39. gxf5 Nb3 40. Bxb3 Qxb3 41. Rd3 Qa4
42. Rg1 Kf7 43. Rc3 Rb3 44. Qc1 Rxc3 45. Qxc3 Rb8 46. Rc1 Rb3 47. Qxc4 Qxc4 48.
Rxc4 Rxa3 49. Rc7+ Ke8 50. Rc8+ Kf7 51. Rc7+ Kg8 52. Kg3 Rd3 53. Rc4 Ra3 54. Rc8
Rd3 55. Bc3 a4 56. Bb4 Kf7 57. Ra8 Rd4 58. Ra7+ Kg8 59. Rxa4 g6 60. fxg6 hxg6
61. Kf2 Rc4 62. Ke3 Be7 63. Kd3 Rc8 64. Ra6 Rd8 65. Ra7 Kf8 66. Rc7 Ke8 67. Kc4
g5 68. Rc6 Kd7 69. Ba5 Rb8 70. Rc7+ Ke8 71. Bb4 Kd8 72. Ra7 Ke8 73. Ra6 Kd7 74.
Ra7+ Ke8 75. Ra1 Kd7 76. Rh1 Rc8+ 77. Kd3 Rh8 78. Be1 Ke8 79. Bg3 Kf7 80. f4 Ra8
81. Ke2 Ra3 82. Kf2 f5 83. exf5 gxf4 84. Bxf4 Rd3 1/2-1/2